| 000 | 00716nam a22002177a 4500 | ||
|---|---|---|---|
| 999 |
_c15833 _d15833 |
||
| 003 | AR-CdUCM | ||
| 008 | 190430b ||||| |||| 00| 0 spa d | ||
| 020 | _a978-607-404-331-0 | ||
| 040 |
_aMUNICIPALIDAD PROVINCIAL DEL CUSCO _cBIBLIOTECA MUNICIPAL DEL CUSCO |
||
| 082 |
_aPI / 376.1 / _bS93 |
||
| 100 |
_aGates Galvin, Laura _935031 |
||
| 110 |
_aDisney _933330 |
||
| 245 |
_aAprende Jugando : _bLa gran busqueda / |
||
| 260 |
_aMadrid : _bStuiod Mouse, _bSilver Dolphin, _c2011. |
||
| 300 |
_bIlustraciones, graficos, dibujos, _c30 cm. |
||
| 500 | _aCuentos e historia por el mundo para niƱos | ||
| 650 |
_aAprendiendo _934186 |
||
| 650 |
_aLiteratura _983 |
||
| 942 |
_2ddc _cLIBROS |
||
| 945 |
_apjha _d2019-04-30 |
||